[Event "II MIEDZYNARODOWY MEMORIAL IM. REGINY GE"]
[Site "Lublin"]
[Date "2012.??.??"]
[Round "1.1"]
[White "Fraczek, Dariusz"]
[Black "Krasowski, Piotr"]
[Result "1-0"]
[WhiteElo "2212"]
[BlackElo "1795"]
[PlyCount "57"]
[EventDate "2012.??.??"]

1. c4 c5 2. g3 Nc6 3. Bg2 Nf6 4. Nf3 e5 5. Nc3 d6 6. d3 Be7 7. O-O Rb8 8. Ne1
h5 9. h4 Ng4 10. Nd5 Bxh4 11. gxh4 Qxh4 12. Nf3 Qd8 13. b4 Nd4 14. e3 Ne6 15.
bxc5 h4 16. Nh2 Nxh2 17. Kxh2 Nxc5 18. d4 h3 19. Bf3 e4 20. Bh1 Qg5 21. Ba3 Rh4
22. Bxc5 Rg4 23. Rg1 dxc5 24. Qa4+ b5 25. Qxa7 Rb7 26. Qxc5 Qf5 27. Rxg4 Be6
28. Rf4 Qh7 29. Qc6+ 1-0

[Event "II MIEDZYNARODOWY MEMORIAL IM. REGINY GE"]
[Site "Lublin"]
[Date "2012.??.??"]
[Round "1.2"]
[White "Fiala, Lukasz"]
[Black "Polkowski, Piotr"]
[Result "0-1"]
[WhiteElo "1674"]
[BlackElo "2179"]
[PlyCount "52"]
[EventDate "2012.??.??"]

1. e4 Nf6 2. e5 Nd5 3. d4 d6 4. c4 Nb6 5. Nf3 Nc6 6. d5 Nxe5 7. Nxe5 dxe5 8.
Nc3 e6 9. Be3 Bb4 10. Qc2 exd5 11. O-O-O d4 12. Ne4 Qe7 13. Bg5 f6 14. Bd2
Bxd2+ 15. Qxd2 Bf5 16. Ng3 Be6 17. f4 O-O-O 18. b3 Qc5 19. f5 Bd7 20. Ne4 Qc6
21. Ng3 Qc5 22. Bd3 Nd5 23. Ne4 Qa3+ 24. Qb2 Qxb2+ 25. Kxb2 Ne3 26. Rd2 Bxf5
0-1

[Event "II MIEDZYNARODOWY MEMORIAL IM. REGINY GE"]
[Site "Lublin"]
[Date "2012.??.??"]
[Round "1.3"]
[White "Praszak, Michal"]
[Black "Szysz, Mateusz"]
[Result "1-0"]
[WhiteElo "2156"]
[BlackElo "1627"]
[PlyCount "54"]
[EventDate "2012.??.??"]

1. d4 d5 2. c4 e6 3. Nf3 c6 4. Qd3 f5 5. Nc3 Nf6 6. g3 Bd6 7. Bg2 O-O 8. O-O
Nbd7 9. Bf4 Bc7 10. Bxc7 Qxc7 11. Rac1 Qd8 12. Rfd1 Ne4 13. e3 b6 14. cxd5 exd5
15. Ne2 Bb7 16. Qa3 Qf6 17. Nf4 Qd6 18. Qxd6 Nxd6 19. Nd3 Nf7 20. Bh3 g6 21. g4
Nh6 22. Nfe5 Nxe5 23. Nxe5 fxg4 24. Bxg4 Nxg4 25. Nxg4 Rac8 26. Ne5 Rfe8 27. f4
Kg7 1-0

[Event "II MIEDZYNARODOWY MEMORIAL IM. REGINY GE"]
[Site "Lublin"]
[Date "2012.??.??"]
[Round "1.4"]
[White "Gorecki, Jaroslaw"]
[Black "Gosek, Zenon"]
[Result "1/2-1/2"]
[WhiteElo "1562"]
[BlackElo "2054"]
[PlyCount "65"]
[EventDate "2012.??.??"]

1. e4 c5 2. d4 cxd4 3. c3 d3 4. Bxd3 Nc6 5. Nf3 d6 6. h3 Nf6 7. O-O e6 8. Re1
Be7 9. e5 dxe5 10. Nxe5 Nxe5 11. Rxe5 O-O 12. Re1 Qc7 13. Qc2 Bd7 14. Bg5 h6
15. Bh4 Bc6 16. Bg3 Bd6 17. Bxd6 Qxd6 18. Na3 Rfd8 19. Rad1 Qf4 20. Qd2 Qh4 21.
Qe3 Rd5 22. Bf1 a6 23. Rxd5 Nxd5 24. Qe2 Rd8 25. g3 Qg5 26. Kh2 Nf6 27. Rd1 Rd5
28. Bg2 Rxd1 29. Qxd1 Ne4 30. Qc2 Qf5 31. f3 Nd6 32. Qxf5 Nxf5 33. Nc2 1/2-1/2

[Event "II MIEDZYNARODOWY MEMORIAL IM. REGINY GE"]
[Site "Lublin"]
[Date "2012.??.??"]
[Round "1.5"]
[White "Maka, Michal"]
[Black "Maik, Marcin"]
[Result "1-0"]
[WhiteElo "2017"]
[BlackElo "1544"]
[PlyCount "65"]
[EventDate "2012.??.??"]

1. Nf3 d5 2. d4 e6 3. Bf4 Nf6 4. e3 Be7 5. Bd3 O-O 6. Nbd2 Nbd7 7. Ne5 c5 8. c3
c4 9. Bc2 Nxe5 10. dxe5 Nd7 11. Qg4 Re8 12. Nf3 Nf8 13. h4 f5 14. Qh5 g6 15.
Qh6 Qc7 16. h5 Bd8 17. hxg6 Nxg6 18. O-O-O Nxf4 19. exf4 Qg7 20. Qh5 Qg6 21.
Qxg6+ hxg6 22. Rh6 Kg7 23. Rdh1 Rg8 24. R1h3 Bb6 25. Ng5 Bxf2 26. Rh7+ Kf8 27.
Rf7+ Ke8 28. Ba4+ Kd8 29. Kd2 Bc5 30. Rhh7 Rf8 31. Rfg7 a6 32. Bd7 Bxd7 33.
Rxd7+ 1-0

[Event "II MIEDZYNARODOWY MEMORIAL IM. REGINY GE"]
[Site "Lublin"]
[Date "2012.??.??"]
[Round "1.7"]
[White "Pikulinski, Janusz"]
[Black "Topolan, Pawel"]
[Result "1-0"]
[WhiteElo "1999"]
[BlackElo "1316"]
[PlyCount "25"]
[EventDate "2012.??.??"]

1. e4 c6 2. d4 d5 3. Nc3 dxe4 4. Nxe4 Bf5 5. Ng3 Bg6 6. N1e2 Nf6 7. Nf4 Nbd7 8.
h4 h6 9. Nxg6 fxg6 10. Bd3 Kf7 11. c3 h5 12. Qc2 Rh6 13. Bxh6 1-0

[Event "II MIEDZYNARODOWY MEMORIAL IM. REGINY GE"]
[Site "Lublin"]
[Date "2012.??.??"]
[Round "1.8"]
[White "Fraczek, Weronika"]
[Black "Wojcieszyn, Zdzislaw"]
[Result "0-1"]
[WhiteElo "1309"]
[BlackElo "1958"]
[PlyCount "69"]
[EventDate "2012.??.??"]

1. e4 c5 2. Nf3 e6 3. d4 cxd4 4. Nxd4 Nf6 5. Nc3 Bb4 6. Bd3 d5 7. exd5 Nxd5 8.
Nde2 Nc6 9. Bd2 O-O 10. O-O Nxc3 11. Nxc3 Ne5 12. Be2 Bd7 13. a3 Ba5 14. Ne4
Bc6 15. Bxa5 Qxa5 16. Nc3 Qb6 17. Qc1 Rfd8 18. Rb1 Qc5 19. Rd1 a5 20. Rd2 Rd4
21. Rxd4 Qxd4 22. Qd1 Qh4 23. Qd6 Qg5 24. g3 Nf3+ 25. Bxf3 Bxf3 26. h4 Qf5 27.
Qf4 Qxf4 28. gxf4 Rd8 29. Kh2 Rd2 30. Kg3 Bh5 31. Ne4 Rxc2 32. f3 Kf8 33. Nd6
Rc7 34. Nb5 Rd7 35. Rf1 0-1

[Event "II MIEDZYNARODOWY MEMORIAL IM. REGINY GE"]
[Site "Lublin"]
[Date "2012.??.??"]
[Round "1.6"]
[White "Topolan, Agata"]
[Black "Krzyzanowski, Wojciech"]
[Result "0-1"]
[WhiteElo "1437"]
[BlackElo "2010"]
[PlyCount "84"]
[EventDate "2012.??.??"]

1. e4 c5 2. Nf3 Nc6 3. d4 cxd4 4. Nxd4 Nf6 5. Nc3 e5 6. Ndb5 d6 7. Bg5 a6 8.
Na3 b5 9. Ne2 Be7 10. Ng3 O-O 11. Bd3 Nd4 12. c3 Ne6 13. Be3 Nf4 14. O-O Ng4
15. Bxf4 exf4 16. Nf5 Bxf5 17. exf5 Ne5 18. Be4 Rb8 19. Nc2 a5 20. a3 g6 21.
Nd4 Qb6 22. Qd2 g5 23. g3 d5 24. gxf4 Nc4 25. Qe2 dxe4 26. Qxe4 Bf6 27. fxg5
Bxg5 28. Qg4 Kh8 29. Kh1 Rg8 30. Qh5 Bf6 31. b3 Ne5 32. Qh6 Ng4 33. Qd2 Rbd8
34. Rad1 Ne5 35. Qh6 Rxd4 36. cxd4 Nf3 37. d5 Qd6 38. Qh5 Nh4 39. Rg1 Rxg1+ 40.
Kxg1 Qf4 41. d6 Qe4 42. f3 Qe2 0-1

[Event "II MIEDZYNARODOWY MEMORIAL IM. REGINY GE"]
[Site "Lublin"]
[Date "2012.??.??"]
[Round "2.1"]
[White "Wojcieszyn, Zdzislaw"]
[Black "Fraczek, Dariusz"]
[Result "1/2-1/2"]
[WhiteElo "1958"]
[BlackElo "2212"]
[PlyCount "71"]
[EventDate "2012.??.??"]

1. c4 g6 2. Nc3 Bg7 3. Nf3 c5 4. d4 cxd4 5. Nxd4 Nc6 6. Be3 Nf6 7. Nxc6 bxc6 8.
Bd4 Qa5 9. Qa4 Qxa4 10. Nxa4 d6 11. e3 c5 12. Bc3 Bd7 13. b3 Bxa4 14. bxa4 Rb8
15. Bd3 O-O 16. Ke2 Nd7 17. Kd2 Bxc3+ 18. Kxc3 Rb4 19. a5 Rfb8 20. Rhb1 Ne5 21.
Rxb4 Rxb4 22. Be2 Ra4 23. Kb3 Rb4+ 24. Kc3 Nc6 25. a3 Rb8 26. a6 Rb6 27. Bf3
Nb8 28. Bb7 Nxa6 29. Bf3 Nb8 30. Bd1 Kf8 31. Ba4 e6 32. f4 Ke7 33. g4 h6 34.
Bc2 Nd7 35. Rf1 Ra6 36. Kb3 1/2-1/2

[Event "II MIEDZYNARODOWY MEMORIAL IM. REGINY GE"]
[Site "Lublin"]
[Date "2012.??.??"]
[Round "2.2"]
[White "Polkowski, Piotr"]
[Black "Pikulinski, Janusz"]
[Result "1-0"]
[WhiteElo "2179"]
[BlackElo "1999"]
[PlyCount "46"]
[EventDate "2012.??.??"]

1. e4 e5 2. Nc3 Nc6 3. Bc4 Bc5 4. d3 d6 5. Nf3 Nf6 6. Be3 Be6 7. Bxe6 fxe6 8.
Bxc5 dxc5 9. Qd2 Nh5 10. O-O-O h6 11. Qe3 b6 12. g4 Nf4 13. Nxe5 Ng2 14. Qg3
Qg5+ 15. Kb1 Nxe5 16. Qxg2 O-O 17. h3 Nf3 18. Qg3 Rf7 19. h4 Qe7 20. g5 h5 21.
Ne2 Raf8 22. c3 e5 23. Qh3 g6 1-0

[Event "II MIEDZYNARODOWY MEMORIAL IM. REGINY GE"]
[Site "Lublin"]
[Date "2012.??.??"]
[Round "2.3"]
[White "Siedlanowski, Lukasz"]
[Black "Praszak, Michal"]
[Result "1/2-1/2"]
[WhiteElo "1853"]
[BlackElo "2156"]
[PlyCount "57"]
[EventDate "2012.??.??"]

1. Nf3 g6 2. d4 Nf6 3. Bg5 Bg7 4. e3 h6 5. Bh4 d6 6. Bd3 g5 7. Bg3 Nh5 8. Nbd2
Nxg3 9. hxg3 Nd7 10. c3 Nf6 11. Qb3 c6 12. a4 Qc7 13. Ng1 Bd7 14. Ne2 Ng4 15.
e4 Qb6 16. Qxb6 axb6 17. f3 Nf6 18. Kf2 Kd8 19. g4 Kc7 20. Ng3 e6 21. Nc4 d5
22. exd5 Nxd5 23. Nh5 Bf8 24. Be4 Be7 25. Ne5 Be8 26. Ng7 Kd8 27. Nxe8 Kxe8 28.
Nc4 Ra6 29. Bd3 1/2-1/2

[Event "II MIEDZYNARODOWY MEMORIAL IM. REGINY GE"]
[Site "Lublin"]
[Date "2012.??.??"]
[Round "2.5"]
[White "Krzyzanowski, Wojciech"]
[Black "Czerw, Dawid"]
[Result "0-1"]
[WhiteElo "2010"]
[BlackElo "1880"]
[PlyCount "66"]
[EventDate "2012.??.??"]

1. d4 d5 2. c4 c6 3. Nf3 Nf6 4. Nc3 a6 5. cxd5 cxd5 6. Bf4 Nc6 7. e3 e6 8. Bd3
Bd6 9. Ne5 Bxe5 10. dxe5 Nd7 11. Qh5 g6 12. Qh6 Ndxe5 13. Be2 f6 14. Qg7 Rf8
15. Qxh7 Qe7 16. Qxe7+ Kxe7 17. O-O-O b5 18. h4 Bd7 19. Kb1 Rh8 20. g4 Be8 21.
Bg3 Bf7 22. f4 Nc4 23. Bf2 Rad8 24. Bf3 g5 25. h5 Bg8 26. b3 Bh7+ 27. Kc1 Nd6
28. Kb2 Rc8 29. fxg5 fxg5 30. Bg3 Nf7 31. Bxd5 b4 32. Na4 exd5 33. Rxd5 Be4 0-1

[Event "II MIEDZYNARODOWY MEMORIAL IM. REGINY GE"]
[Site "Lublin"]
[Date "2012.??.??"]
[Round "2.6"]
[White "Gosek, Zenon"]
[Black "Szczygiel, Konrad"]
[Result "1-0"]
[WhiteElo "2054"]
[BlackElo "1824"]
[PlyCount "55"]
[EventDate "2012.??.??"]

1. e4 c5 2. Nf3 d6 3. Nc3 Nf6 4. d4 cxd4 5. Nxd4 a6 6. Be3 e6 7. Qd2 Be7 8. f3
O-O 9. O-O-O Qc7 10. g4 b5 11. g5 Nfd7 12. h4 Bb7 13. h5 b4 14. Nce2 d5 15. g6
Nc5 16. h6 fxg6 17. hxg7 Rc8 18. Bh3 Qa5 19. Kb1 dxe4 20. Nxe6 Na4 21. N2d4
Nc3+ 22. bxc3 bxc3 23. Nb3 Qa4 24. Nec5 Qxb3+ 25. axb3 cxd2 26. Nxb7 Rc7 27.
Na5 exf3 28. Bd4 1-0

[Event "II MIEDZYNARODOWY MEMORIAL IM. REGINY GE"]
[Site "Lublin"]
[Date "2012.??.??"]
[Round "2.7"]
[White "Krasowski, Piotr"]
[Black "Gorecki, Jaroslaw"]
[Result "1-0"]
[WhiteElo "1795"]
[BlackElo "1562"]
[PlyCount "71"]
[EventDate "2012.??.??"]

1. f4 e5 2. fxe5 d6 3. Nf3 g5 4. d4 g4 5. Ng5 dxe5 6. e4 h6 7. Nxf7 Kxf7 8.
Bc4+ Ke8 9. c3 Qe7 10. O-O Be6 11. d5 Qc5+ 12. Kh1 Qxc4 13. Nd2 Qa6 14. dxe6
Qxe6 15. Qe2 Nd7 16. Nc4 Bc5 17. b4 Be7 18. Ne3 h5 19. Nd5 Rc8 20. Qc4 Qc6 21.
Nxc7+ Rxc7 22. Qf7+ Kd8 23. Qg7 Bf6 24. Bg5 Qe6 25. Bxf6+ Ndxf6 26. Qxh8 Rf7
27. Rf5 Ke7 28. Rg5 Rf8 29. Qg7+ Rf7 30. Qg6 Rf8 31. Rd1 Nxe4 32. Qxe4 Qf6 33.
Rxe5+ Kf7 34. Rd7+ Ne7 35. Qh7+ Ke8 36. Qxe7+ 1-0

[Event "II MIEDZYNARODOWY MEMORIAL IM. REGINY GE"]
[Site "Lublin"]
[Date "2012.??.??"]
[Round "2.8"]
[White "Dybowski, Artur"]
[Black "Topolan, Agata"]
[Result "1-0"]
[WhiteElo "1680"]
[BlackElo "1437"]
[PlyCount "81"]
[EventDate "2012.??.??"]

1. e4 c6 2. d4 d5 3. Nc3 dxe4 4. Nxe4 Bf5 5. Ng3 Bg6 6. Nf3 Nd7 7. Bd3 Bxd3 8.
Qxd3 e6 9. Bf4 Bb4+ 10. c3 Be7 11. O-O Ngf6 12. c4 O-O 13. Rad1 c5 14. Rfe1 Qb6
15. b3 cxd4 16. Qxd4 Bc5 17. Qb2 Rfe8 18. Be3 Bxe3 19. Rxe3 Rac8 20. Re2 Rc5
21. Red2 Nf8 22. Rd6 Rc6 23. Rxc6 Qxc6 24. Ne5 Qc7 25. Qd4 Ng6 26. Nxg6 hxg6
27. Qxa7 e5 28. f3 Qc6 29. Qe3 Nd7 30. Qe4 Qb6+ 31. Kf1 Nc5 32. Qd5 Ra8 33. Rd2
Re8 34. Re2 Rd8 35. Qxe5 Rd1+ 36. Re1 Nd3 37. c5 Qb5 38. Qb8+ Kh7 39. Rxd1 Nb2+
40. Ke1 Nxd1 41. Kxd1 1-0

[Event "II MIEDZYNARODOWY MEMORIAL IM. REGINY GE"]
[Site "Lublin"]
[Date "2012.??.??"]
[Round "2.9"]
[White "Topolan, Pawel"]
[Black "Fiala, Lukasz"]
[Result "1-0"]
[WhiteElo "1316"]
[BlackElo "1674"]
[PlyCount "83"]
[EventDate "2012.??.??"]

1. e4 d5 2. f3 dxe4 3. fxe4 e5 4. Nf3 Bg4 5. Be2 Nc6 6. d3 Bc5 7. Nc3 Bxf3 8.
Bxf3 Nf6 9. Na4 Qd4 10. Nxc5 Qxc5 11. c3 O-O-O 12. Qe2 Qd6 13. O-O Qxd3 14.
Qxd3 Rxd3 15. Bg5 Rhd8 16. Bxf6 gxf6 17. Bg4+ Kb8 18. Rxf6 Rg8 19. Rd1 Rxd1+
20. Bxd1 Rg7 21. Bh5 Kc8 22. Rxf7 Rxf7 23. Bxf7 Kd7 24. Kf2 Ke7 25. Bd5 Kf6 26.
Bxc6 bxc6 27. h4 Kg6 28. g4 c5 29. b4 c4 30. a4 c6 31. Kf3 a6 32. a5 h6 33. h5+
Kg5 34. Kg3 Kf6 35. Kh4 Kf7 36. g5 Kg7 37. gxh6+ Kxh6 38. Kg4 Kg7 39. Kg5 Kf7
40. h6 Kg8 41. Kf5 Kh7 42. Kxe5 1-0

[Event "II MIEDZYNARODOWY MEMORIAL IM. REGINY GE"]
[Site "Lublin"]
[Date "2012.??.??"]
[Round "2.10"]
[White "Szysz, Mateusz"]
[Black "Fraczek, Weronika"]
[Result "0-1"]
[WhiteElo "1627"]
[BlackElo "1309"]
[PlyCount "90"]
[EventDate "2012.??.??"]

1. e4 e6 2. d4 d5 3. Nd2 Nf6 4. Bd3 c6 5. Ngf3 Be7 6. O-O O-O 7. c3 Qc7 8. Re1
Re8 9. h3 b6 10. Qc2 h6 11. exd5 cxd5 12. Ne5 Nbd7 13. Ndf3 Nxe5 14. Nxe5 Nd7
15. Nxf7 Kxf7 16. Bg6+ Kf8 17. Bxe8 Kxe8 18. Rxe6 Nf6 19. Re5 Kf7 20. Bd2 Bd6
21. Re3 Ne4 22. Rae1 Ba6 23. Rf3+ Kg8 24. Be3 Rf8 25. Rxf8+ Kxf8 26. g3 Bxg3
27. c4 Bxc4 28. b3 Bb5 29. Qxc7 Bxc7 30. Rc1 Bd6 31. Kg2 Bd7 32. f3 Nf6 33. Bf2
Nh5 34. Be3 Nf4+ 35. Bxf4 Bxf4 36. Rd1 Ke7 37. Re1+ Kf6 38. Re2 Bd6 39. Rc2 Kg5
40. Re2 Kh4 41. Rc2 Bxh3+ 42. Kf2 Bd7 43. Kg2 Kg5 44. Kh1 Kf4 45. Rg2 g5 0-1

[Event "II MIEDZYNARODOWY MEMORIAL IM. REGINY GE"]
[Site "Lublin"]
[Date "2012.??.??"]
[Round "3.1"]
[White "Maka, Michal"]
[Black "Polkowski, Piotr"]
[Result "1/2-1/2"]
[WhiteElo "2017"]
[BlackElo "2179"]
[PlyCount "58"]
[EventDate "2012.??.??"]

1. Nf3 g6 2. g3 Bg7 3. Bg2 c5 4. c4 Nc6 5. Nc3 Nf6 6. O-O O-O 7. h3 d6 8. d3
Bd7 9. Be3 a6 10. Rc1 Rc8 11. a4 e5 12. Nd2 Rb8 13. Kh2 Nd4 14. b3 Bc6 15. Nd5
Bxd5 16. cxd5 Nf5 17. Bg5 h6 18. Bxf6 Bxf6 19. Ne4 Bg7 20. e3 Ne7 21. Nc3 Kh7
22. Qc2 f5 23. f4 exf4 24. exf4 Ng8 25. Rfe1 Qd7 26. Bf1 Rbe8 27. Rxe8 Qxe8 28.
Qe2 Qxe2+ 29. Nxe2 Bb2 1/2-1/2

[Event "II MIEDZYNARODOWY MEMORIAL IM. REGINY GE"]
[Site "Lublin"]
[Date "2012.??.??"]
[Round "3.2"]
[White "Czerw, Dawid"]
[Black "Wojcieszyn, Zdzislaw"]
[Result "1-0"]
[WhiteElo "1880"]
[BlackElo "1958"]
[PlyCount "65"]
[EventDate "2012.??.??"]

1. d4 d5 2. c4 c6 3. Nf3 Nf6 4. Nc3 e6 5. Bg5 Nbd7 6. e3 Qa5 7. Nd2 dxc4 8.
Bxf6 Nxf6 9. Nxc4 Qg5 10. h4 Qg4 11. Qc2 Nd7 12. e4 Bb4 13. Ne3 Qf4 14. g3 Qc7
15. Bg2 O-O 16. O-O Bd6 17. Rac1 Be7 18. d5 exd5 19. exd5 cxd5 20. Nexd5 Qd8
21. Nxe7+ Qxe7 22. Nd5 Qd6 23. Rfd1 Rb8 24. Qe2 Ne5 25. Nf4 Qf6 26. Re1 Nc6 27.
Nd5 Qd8 28. Rcd1 Qa5 29. Be4 Be6 30. Bxh7+ Kxh7 31. Qh5+ Kg8 32. Ne7+ Nxe7 33.
Qxa5 1-0

[Event "II MIEDZYNARODOWY MEMORIAL IM. REGINY GE"]
[Site "Lublin"]
[Date "2012.??.??"]
[Round "3.3"]
[White "Fraczek, Dariusz"]
[Black "Siedlanowski, Lukasz"]
[Result "1-0"]
[WhiteElo "2212"]
[BlackElo "1853"]
[PlyCount "81"]
[EventDate "2012.??.??"]

1. d4 d5 2. Nf3 c5 3. c4 dxc4 4. e3 cxd4 5. exd4 Nf6 6. Bxc4 e6 7. O-O Be7 8.
Nc3 O-O 9. Re1 Nbd7 10. a3 a6 11. Qe2 h6 12. Ba2 Nb6 13. Bd2 Nbd5 14. Rad1 b5
15. Ne5 Bb7 16. Bb1 Nxc3 17. Bxc3 Nd5 18. Qd3 f5 19. Bd2 Bg5 20. Bxg5 hxg5 21.
f3 Rf6 22. Ba2 Nf4 23. Qe3 Rh6 24. Nd3 Bd5 25. Bxd5 Nxd5 26. Qe5 Kf7 27. Rc1
Qb6 28. Rc5 Rd8 29. Rec1 Rf6 30. Rc6 Qa5 31. Nc5 Qd2 32. Nxe6 Rd7 33. R6c2 Qe3+
34. Qxe3 Nxe3 35. Nxg5+ Kg6 36. Re2 Kxg5 37. Rxe3 Rxd4 38. Kf2 Rfd6 39. Re2
R4d5 40. Rc7 g6 41. Rh7 1-0

[Event "II MIEDZYNARODOWY MEMORIAL IM. REGINY GE"]
[Site "Lublin"]
[Date "2012.??.??"]
[Round "3.4"]
[White "Praszak, Michal"]
[Black "Gosek, Zenon"]
[Result "1-0"]
[WhiteElo "2156"]
[BlackElo "2054"]
[PlyCount "66"]
[EventDate "2012.??.??"]

1. d4 f5 2. g3 Nf6 3. Bg2 g6 4. Nh3 Bg7 5. O-O O-O 6. Nf4 d6 7. Nd3 Nc6 8. d5
Ne5 9. Nc3 c5 10. Nxe5 dxe5 11. Be3 b6 12. Qd2 Ng4 13. Bg5 e4 14. h3 Ne5 15. b3
Nf7 16. Be3 e5 17. Rad1 Nd6 18. Bh6 Bxh6 19. Qxh6 Qf6 20. a4 Bb7 21. Qd2 Rad8
22. Rfe1 Rd7 23. e3 a6 24. Bf1 Kh8 25. Bc4 Rfd8 26. Qe2 Ra8 27. Rd2 Qf7 28.
Red1 g5 29. Kh2 Qg6 30. Re1 Re7 31. Qf1 Rf7 32. Qg2 Raf8 33. Kg1 Rg8 1-0

[Event "II MIEDZYNARODOWY MEMORIAL IM. REGINY GE"]
[Site "Lublin"]
[Date "2012.??.??"]
[Round "3.5"]
[White "Topolan, Pawel"]
[Black "Krzyzanowski, Wojciech"]
[Result "0-1"]
[WhiteElo "1316"]
[BlackElo "2010"]
[PlyCount "66"]
[EventDate "2012.??.??"]

1. e4 c5 2. Nf3 Nc6 3. d4 cxd4 4. Nxd4 Nf6 5. Nc3 e5 6. Ndb5 d6 7. Nd5 Nxd5 8.
exd5 Nb8 9. c4 Be7 10. Bd3 O-O 11. O-O f5 12. b4 a6 13. Nc3 a5 14. Ba3 axb4 15.
Bxb4 Na6 16. a3 e4 17. Bc2 Bf6 18. Bb3 Be5 19. Rc1 Qh4 20. h3 Nxb4 21. axb4 f4
22. f3 e3 23. Ne4 Bf5 24. Qe1 Qh6 25. Bc2 Ra2 26. c5 Qg6 27. Kh1 Bxe4 28. fxe4
f3 29. Rxf3 Rxf3 30. gxf3 Qh5 31. Qf1 e2 32. Qxe2 Qxh3+ 33. Kg1 Bd4+ 0-1

[Event "II MIEDZYNARODOWY MEMORIAL IM. REGINY GE"]
[Site "Lublin"]
[Date "2012.??.??"]
[Round "3.8"]
[White "Fraczek, Weronika"]
[Black "Krasowski, Piotr"]
[Result "0-1"]
[WhiteElo "1309"]
[BlackElo "1795"]
[PlyCount "60"]
[EventDate "2012.??.??"]

1. e4 e5 2. Nf3 Nf6 3. Nxe5 d6 4. Nf3 Nxe4 5. Qe2 Qe7 6. d3 Nf6 7. Bg5 Be6 8.
Nc3 c6 9. Ne4 Nbd7 10. Nd4 h6 11. Nxf6+ Nxf6 12. Bd2 Bg4 13. Qxe7+ Bxe7 14. Be2
Bd7 15. O-O-O O-O 16. Rhe1 Rfe8 17. h3 c5 18. Nf3 Be6 19. c4 b5 20. b3 a5 21.
Kc2 a4 22. Ra1 b4 23. Be3 Nd7 24. d4 Bf6 25. Rab1 axb3+ 26. axb3 Bf5+ 27. Bd3
Ra2+ 28. Rb2 Bxd3+ 29. Kc1 Rxb2 30. Kxb2 cxd4 0-1

[Event "II MIEDZYNARODOWY MEMORIAL IM. REGINY GE"]
[Site "Lublin"]
[Date "2012.??.??"]
[Round "3.10"]
[White "Gorecki, Jaroslaw"]
[Black "Szysz, Mateusz"]
[Result "0-1"]
[WhiteElo "1562"]
[BlackElo "1627"]
[PlyCount "110"]
[EventDate "2012.??.??"]

1. e4 c6 2. d4 d5 3. Nd2 dxe4 4. Nxe4 Bf5 5. Ng3 Bg6 6. h4 h6 7. Nf3 e6 8. h5
Bh7 9. Bd3 Bxd3 10. Qxd3 Nf6 11. Bf4 Bd6 12. Bxd6 Qxd6 13. O-O-O Nbd7 14. Kb1
O-O-O 15. Ne4 Nxe4 16. Qxe4 Nf6 17. Qe2 Rhg8 18. Ne5 Qe7 19. g3 Nd7 20. Nc4 Nf6
21. a3 Rd5 22. Ne3 Rd7 23. f3 Rgd8 24. c3 Kb8 25. Nc4 Rd5 26. f4 c5 27. Ne3
R5d7 28. Nc2 cxd4 29. Rxd4 Rxd4 30. Nxd4 Qc5 31. g4 Rd5 32. Nb3 Qd6 33. Kc2
Qxf4 34. Qh2 Qxh2+ 35. Rxh2 Nxg4 36. Rh4 Nf6 37. Nd4 Rxh5 38. Rxh5 Nxh5 39. Nb5
a6 40. Nd6 f6 41. Kd3 Kc7 42. Nc4 Nf4+ 43. Ke4 g5 44. Ne3 h5 45. Nf1 h4 46. Nh2
Kd6 47. Nf3 Ng6 48. Nh2 f5+ 49. Kd4 g4 50. Ke3 Kd5 51. b3 e5 52. c4+ Kc5 53.
Kd3 g3 54. b4+ Kc6 55. Nf1 g2 0-1

[Event "II MIEDZYNARODOWY MEMORIAL IM. REGINY GE"]
[Site "Lublin"]
[Date "2012.??.??"]
[Round "3.11"]
[White "Fiala, Lukasz"]
[Black "Maik, Marcin"]
[Result "1/2-1/2"]
[WhiteElo "1674"]
[BlackElo "1544"]
[PlyCount "71"]
[EventDate "2012.??.??"]

1. e4 c5 2. Nf3 Nc6 3. d4 cxd4 4. Nxd4 Nf6 5. Nc3 g6 6. Nxc6 bxc6 7. e5 Nh5 8.
Bc4 Qa5 9. Qe2 e6 10. O-O f5 11. exf6 Nxf6 12. a3 Bg7 13. b4 Qc7 14. Bb2 O-O
15. Na4 a5 16. Nc5 Rb8 17. Be5 d6 18. Nxe6 Bxe6 19. Bxe6+ Kh8 20. Bc3 Rbe8 21.
Qc4 d5 22. Qe2 Qd6 23. Rfe1 d4 24. Rad1 Nh5 25. Qc4 Qf4 26. Bxd4 Bxd4 27. Qxd4+
Qxd4 28. Rxd4 Rf4 29. Rde4 Rxe4 30. Rxe4 Ng7 31. bxa5 Rxe6 32. Rxe6 Nxe6 33. a6
h5 34. a7 Nc7 35. f4 Kg7 36. Kf2 1/2-1/2

[Event "II MIEDZYNARODOWY MEMORIAL IM. REGINY GE"]
[Site "Lublin"]
[Date "2012.??.??"]
[Round "4.1"]
[White "Fraczek, Dariusz"]
[Black "Czerw, Dawid"]
[Result "1/2-1/2"]
[WhiteElo "2212"]
[BlackElo "1880"]
[PlyCount "76"]
[EventDate "2012.??.??"]

1. e4 e6 2. d4 d5 3. Nc3 Bb4 4. e5 c5 5. a3 Bxc3+ 6. bxc3 Qc7 7. Nf3 Ne7 8. a4
Qa5 9. Qd2 Bd7 10. Be2 Nbc6 11. Ba3 cxd4 12. cxd4 Qxd2+ 13. Kxd2 Nf5 14. Bb2
O-O 15. Bd3 Na5 16. Bc3 Nc4+ 17. Ke2 Rfc8 18. Rhb1 b6 19. a5 b5 20. Bb4 a6 21.
g4 Nh6 22. Ng5 g6 23. Rg1 Nb2 24. Rg3 Nxd3 25. Kxd3 Kg7 26. Rh3 Rh8 27. Rxh6
Kxh6 28. Nxf7+ Kg7 29. Nxh8 Rxh8 30. Ra3 Rc8 31. f4 Rc4 32. c3 Rc8 33. Ra1 h5
34. Rg1 hxg4 35. Rxg4 Rh8 36. h4 Rc8 37. Ke3 Be8 38. Kf3 Rc7 1/2-1/2

[Event "II MIEDZYNARODOWY MEMORIAL IM. REGINY GE"]
[Site "Lublin"]
[Date "2012.??.??"]
[Round "4.2"]
[White "Polkowski, Piotr"]
[Black "Praszak, Michal"]
[Result "1-0"]
[WhiteElo "2179"]
[BlackElo "2156"]
[PlyCount "56"]
[EventDate "2012.??.??"]

1. e4 c5 2. Nc3 Nc6 3. Bc4 g6 4. d3 Bg7 5. Nf3 d6 6. h3 Nf6 7. O-O O-O 8. Be3
Na5 9. Qd2 Nxc4 10. dxc4 b6 11. Bh6 Bb7 12. Rfe1 Re8 13. Bxg7 Kxg7 14. Rad1 Rc8
15. b3 Qc7 16. Nh2 Rcd8 17. Ng4 Nxg4 18. hxg4 Qc8 19. f3 Bc6 20. Kf2 h6 21. Rh1
Rh8 22. Rh2 Qe6 23. Rdh1 g5 24. Ne2 Qe5 25. Qc3 Qxc3 26. Nxc3 e6 27. Rd1 Rd7
28. Rhh1 Kf6 1-0

[Event "II MIEDZYNARODOWY MEMORIAL IM. REGINY GE"]
[Site "Lublin"]
[Date "2012.??.??"]
[Round "4.3"]
[White "Krzyzanowski, Wojciech"]
[Black "Maka, Michal"]
[Result "0-1"]
[WhiteElo "2010"]
[BlackElo "2017"]
[PlyCount "54"]
[EventDate "2012.??.??"]

1. d4 d6 2. g3 e5 3. dxe5 dxe5 4. Qxd8+ Kxd8 5. Bg2 c6 6. Nf3 f6 7. b3 Bf5 8.
c4 Nd7 9. Bd2 a5 10. Nc3 Ba3 11. O-O Ne7 12. Bc1 Bxc1 13. Raxc1 Nc5 14. Rfd1+
Kc7 15. Rd2 Rad8 16. Rcd1 Rxd2 17. Rxd2 g5 18. Kf1 Nc8 19. Ne1 h5 20. h3 h4 21.
g4 Bg6 22. Nc2 Nd6 23. Ne3 Ra8 24. Ned5+ cxd5 25. Nxd5+ Kd8 26. Nb6 Ra6 27.
Rxd6+ Kc7 0-1

[Event "II MIEDZYNARODOWY MEMORIAL IM. REGINY GE"]
[Site "Lublin"]
[Date "2012.??.??"]
[Round "4.4"]
[White "Dybowski, Artur"]
[Black "Pikulinski, Janusz"]
[Result "1-0"]
[WhiteElo "1680"]
[BlackElo "1999"]
[PlyCount "61"]
[EventDate "2012.??.??"]

1. e4 e5 2. Nf3 Nc6 3. d4 exd4 4. c3 Nf6 5. e5 Ne4 6. cxd4 Bb4+ 7. Bd2 Nxd2 8.
Nbxd2 d5 9. Be2 O-O 10. O-O a6 11. a3 Be7 12. b4 f6 13. Nb3 Kh8 14. Qd2 Bg4 15.
Rae1 a5 16. b5 a4 17. bxc6 axb3 18. cxb7 Ra7 19. Rb1 Rxb7 20. Qc3 Qb8 21. a4 b2
22. Bb5 Rb6 23. Rxb2 c6 24. Rfb1 Bf5 25. Bd3 Bxd3 26. Rxb6 Bxb1 27. Rxb8 Rxb8
28. Qxc6 Be4 29. h3 Kg8 30. a5 Bxf3 31. gxf3 1-0

[Event "II MIEDZYNARODOWY MEMORIAL IM. REGINY GE"]
[Site "Lublin"]
[Date "2012.??.??"]
[Round "4.5"]
[White "Krasowski, Piotr"]
[Black "Szczygiel, Konrad"]
[Result "0-1"]
[WhiteElo "1795"]
[BlackElo "1824"]
[PlyCount "94"]
[EventDate "2012.??.??"]

1. e4 c5 2. Nc3 d6 3. Bc4 e6 4. d3 a6 5. a4 Nf6 6. Ba2 Nc6 7. f4 d5 8. e5 Nd7
9. Nf3 f6 10. O-O Be7 11. Nh4 O-O 12. Nxd5 fxe5 13. Nc7 Qxc7 14. Bxe6+ Kh8 15.
Ng6+ hxg6 16. Rf3 Nf6 17. Rh3+ Nh7 18. f5 Rxf5 19. Bd5 Qd6 20. Be4 Rf1+ 21.
Qxf1 Bxh3 22. gxh3 Rf8 23. Qe2 Ng5 24. Bg2 Nd4 25. Qg4 Ndf3+ 26. Kh1 Qd4 27.
Qxd4 exd4 28. b4 b6 29. bxc5 bxc5 30. Rb1 Nh4 31. Rb7 Rf2 32. Rxe7 Ngf3 33. Rf7
Nxg2 34. Rxf3 Rxf3 35. Kxg2 Rf6 36. Bg5 Rc6 37. Kf3 Re6 38. Bf4 Kg8 39. h4 Kf7
40. Bb8 Ke7 41. Bf4 Kd7 42. Bd2 c4 43. dxc4 Rc6 44. Ke4 Rxc4 45. a5 Rxc2 46.
Bf4 Ra2 47. Kxd4 Rxa5 0-1